| 000 | 00548nam a22001697a 4500 | ||
|---|---|---|---|
| 003 | BD-ChCU | ||
| 005 | 20260503111521.0 | ||
| 008 | 260503b bg ||||| |||| 00| 0 ben d | ||
| 040 | _cBD-ChCU | ||
| 082 | _aREF 621.381 TOT | ||
| 100 |
_aTowers , T.D. _922228 |
||
| 245 |
_aTower's international transistor selector : _bspecification data for the identification , selection and substitution of transistors ./ _cT.D. Towers. |
||
| 260 |
_aDelhi : _bB.P.B. Pub. _cC 1985 |
||
| 300 | _a372p. | ||
| 650 | 0 |
_aTransistorys. _922229 |
|
| 942 |
_2ddc _cBK _n0 |
||
| 999 |
_c112593 _d112593 |
||